Disney Shows by Emojis - Statistics

General Stats
  • This quiz has been taken 289 times
  • The average score is 12 of 15
Answer Stats
Hint Answer % Correct
๐Ÿถ๐Ÿ’ป๐Ÿ—ฃ๏ธ Dog with a Blog
97%
๐Ÿœ๐ŸŽค๐Ÿ–Œ๏ธ Ant Farm
92%
๐Ÿ‘ง๐Ÿป๐Ÿค๐ŸŒŽ Girl Meets World
91%
โญvs๐Ÿ‘น Star vs The Forces of Evil
91%
๐Ÿ‘ฌ๐Ÿป๐Ÿšข๐Ÿญ Suite Life on Deck
87%
๐Ÿฆ‰๐Ÿ ๐Ÿง™๐Ÿปโ€โ™€๏ธ Owl House
85%
๐Ÿ‘ฉ๐Ÿปโ€๐Ÿฆฐ=๐Ÿ‘ฑ๐Ÿปโ€โ™€๏ธ๐ŸŽค Hannah Montana
83%
๐Ÿ‘ง๐Ÿฟ๐Ÿธ๐ŸฆŽ Amphibia
82%
๐Ÿ”ฎ๐Ÿง™๐Ÿปโ€โ™€๏ธ๐ŸšŸ Wizards of Waverly Place
79%
๐Ÿ‘จโ€๐ŸŒพ๐Ÿ™๏ธ๐ŸŸฉ Big City Greens
77%
๐Ÿ‘ง๐Ÿผ๐Ÿคฑ๐Ÿผ๐Ÿ‘ฝ Gabby Duran & The Unsittables
76%
๐Ÿ‘ฉ๐Ÿปโ€๐Ÿฆฐ๐Ÿ™๏ธ๐ŸŠ Jessie
74%
๐Ÿฆธ๐Ÿง‘๐Ÿปโ€โš•๏ธ๐Ÿฅ Mighty Med
74%
๐Ÿซ…๐Ÿป๐Ÿคด๐Ÿฟ๐Ÿ๏ธ Pair of Kings
68%
๐Ÿ’ƒ๐ŸŽฅ๐Ÿ™๏ธ Shake it Up
50%
No matching quizzes found
Score Distribution
Percent of People with Each Score
Percentile by Number Answered
Your Score History
You have not taken this quiz